000 00273nam a22001217a 4500
008 170627b xxu||||| |||| 00| 0 eng d
041 _aeng
080 _a94(100)
100 _a18
101 _aSHH
245 _aAMERICAN FOREIGN SINCE WAR
_cHOOK.S.W
942 _2udc
_cBK
999 _c19147
_d19147